000 00852nam a2200253Ia 4500
003 OSt
005 20220925194303.0
006 a|||||r|||| 00| 0
007 ta
008 220923b |||||||| |||| 00| 0 eng d
020 _a9780674024458
_c566.28999999999996
037 _b42635, 10/12/2014, Segment Book Distrobutors
_cGeneral Book
040 _aRTL
_cRTL
_beng
041 _2eng
_aeng
082 _aY:3(N), P8
100 _aBENJAMIN Walter
245 0 _aWork of art in the age of its technological reproductibility and other writings on media
260 _aCambridge
_bHarvard University Press
_c2008
300 _aix, 423p
_ccm.
500 _aBibliography: P 325351-
650 _aSociology
942 _hY:3(N), P8
_cGB
_2CC
999 _c528918
_d528918